000
00285nam a22000857a 4500
008
150128b xxu||||| |||| 00| 0 eng d
020
_c
Available
245
_a
Mathematics 10 (Science Group)
_c
Ali Asghar Ch.
260
_a
Lahore
_b
Ilmi Kitab Khana Kabir Street, Urdu Bazar, Lahore
_c
January 2014
999
_c
24737
_d
24737